[Event "Perth Metro CC-chC"]
[Site "Perth"]
[Date "2006.03.02"]
[Round "4"]
[White "Pilgrim, R."]
[Black "McGregor, Mike"]
[Result "1-0"]
[WhiteElo "1536"]
[BlackElo "1505"]
[PlyCount "69"]
[EventDate "2006.02.02"]
[EventType "tourn"]
[EventRounds "11"]
[EventCountry "AUS"]
[SourceTitle "EXT 2010"]
[Source "ChessBase"]
[SourceDate "2010.11.25"]
[SourceVersion "1"]
[SourceVersionDate "2010.11.25"]
[SourceQuality "1"]

1. d4 Nf6 2. c4 g6 3. Nc3 d5 4. Nf3 Bg7 5. cxd5 Nxd5 6. e4 Nxc3 7. bxc3 0-0 8. Bc4 c5 9. 0-0 Bg4 10. Be3 Bxf3 11. Qxf3 cxd4 12. cxd4 Nc6 13. Rad1 Qc7 14. Qe2 Rad8 15. d5 Ne5 16. Bb3 b6 17. f4 Nd7 18. Rc1 Nc5 19. Rfd1 Qb7 20. Bxc5 bxc5 21. e5 Rc8 22. Rc4 Rfd8 23. Re4 Kh8 24. Bc4 Qb6 25. h4 f5 26. exf6 Bxf6 27. h5 gxh5 28. Qxh5 Bd4+ 29. Kh2 Qf6 30. g3 Rd6 31. Rde1 Rc7 32. Re6 Rxe6 33. Rxe6 Qg7 34. d6 Rb7 35. Qe8+ 1-0

[Event "Perth Respini-C"]
[Site "Perth"]
[Date "2005.09.29"]
[Round "5"]
[White "Arnold, A."]
[Black "McGregor, Mike"]
[Result "0-1"]
[WhiteElo "1359"]
[BlackElo "1531"]
[PlyCount "72"]
[EventDate "2005.09.01"]
[EventType "tourn"]
[EventRounds "9"]
[EventCountry "AUS"]
[SourceTitle "EXT 2010"]
[Source "ChessBase"]
[SourceDate "2010.11.25"]
[SourceVersion "1"]
[SourceVersionDate "2010.11.25"]
[SourceQuality "1"]

1. e4 c5 2. Bc4 e6 3. Nc3 Nc6 4. Nf3 d6 5. 0-0 Nf6 6. d3 h6 7. Bb5 Bd7 8. Re1 e5 9. Bc4 Be7 10. h3 0-0 11. Be3 Be6 12. Nd5 Na5 13. Nxf6+ Bxf6 14. Bxe6 fxe6 15. Bd2 Nc6 16. c4 Qe7 17. Nh2 Bg5 18. Bxg5 Qxg5 19. Nf3 Qf6 20. Qd2 Rf7 21. Rf1 Raf8 22. a3 Ne7 23. b4 b6 24. Rae1 Ng6 25. Qe3 Nf4 26. Nh2 Qg6 27. Qg3 Qh7 28. bxc5 bxc5 29. Re3 Rf6 30. Ng4 Rg6 31. Qh2 h5 32. g3 hxg4 33. gxf4 exf4 34. Ree1 Rh6 35. f3 Rxh3 36. Qg2 Rg3 0-1

[Event "Perth Respini-C"]
[Site "Perth"]
[Date "2005.09.22"]
[Round "4"]
[White "McGregor, Mike"]
[Black "O'Shaughnessy, David"]
[Result "0-1"]
[WhiteElo "1531"]
[BlackElo "1317"]
[PlyCount "114"]
[EventDate "2005.09.01"]
[EventType "tourn"]
[EventRounds "9"]
[EventCountry "AUS"]
[SourceTitle "EXT 2010"]
[Source "ChessBase"]
[SourceDate "2010.11.25"]
[SourceVersion "1"]
[SourceVersionDate "2010.11.25"]
[SourceQuality "1"]

1. e4 Nf6 2. Nc3 e5 3. Nf3 Bb4 4. d3 d6 5. Be2 h6 6. Bd2 0-0 7. a3 Ba5 8. 0-0 Be6 9. Re1 Nc6 10. Be3 Ng4 11. Nd2 Nxe3 12. fxe3 a6 13. Nf3 Bb6 14. d4 exd4 15. exd4 Ne5 16. Kh1 Ng4 17. Qd2 Nf2+ 18. Kg1 Ng4 19. h3 Nf6 20. Kh2 c5 21. d5 Bd7 22. Bd3 Re8 23. Qf4 Bc7 24. Qd2 b5 25. b3 Bc8 26. b4 c4 27. Bf1 Bb7 28. Re2 Re7 29. Rae1 Nd7 30. g3 Ne5 31. Nxe5 Rxe5 32. Re3 Qe7 33. Qe2 Re8 34. Bg2 Bb6 35. Rf3 Bd4 36. Qd2 Bxc3 37. Qxc3 Bxd5 38. Rfe3 Bc6 39. Qd4 Qb7 40. Qxd6 Bxe4 41. Qd2 f5 42. Qe2 Qe7 43. Rd1 Bxg2 44. Rxe5 Qxe5 45. Qxe5 Rxe5 46. Kxg2 Re2+ 47. Kf3 Rxc2 48. Re1 Rc3+ 49. Kf4 Rxa3 50. Kxf5 Kf7 51. Kg4 Rb3 52. Ra1 c3 53. Rxa6 Rxb4+ 54. Kf5 Rd4 55. Rc6 Rc4 56. Ra6 Rc5+ 57. Ke4 c2 0-1

[Event "IECC P email"]
[Site "IECC email"]
[Date "2001.03.22"]
[Round "?"]
[White "McGregor, Mike"]
[Black "Lewis, Matthew"]
[Result "1-0"]
[WhiteElo "1712"]
[BlackElo "1846"]
[PlyCount "123"]
[EventDate "2001.??.??"]
[EventType "tourn (corr)"]
[EventRounds "6"]
[SourceTitle "Corr 2008"]
[Source "ChessBase"]
[SourceDate "2008.06.24"]
[SourceVersion "1"]
[SourceVersionDate "2008.06.24"]
[SourceQuality "1"]

1. Nf3 d5 2. d4 Nf6 3. e3 Bf5 4. Bd3 Bxd3 5. cxd3 e6 6. Qb3 b6 7. Nc3 Be7 8. 0-0 0-0 9. e4 Nc6 10. e5 Nd7 11. Bd2 Na5 12. Qc2 c5 13. dxc5 bxc5 14. Qa4 Nb7 15. Qg4 Re8 16. Rae1 Nf8 17. h4 Rb8 18. h5 Na5 19. b3 Nc6 20. h6 g6 21. Qa4 Nb4 22. d4 a6 23. Ne2 Qd7 24. Qxd7 Nxd7 25. Bxb4 Rxb4 26. dxc5 Nxc5 27. Rc1 Bf8 28. Rc3 Ne4 29. Rc6 a5 30. Ned4 Bxh6 31. Ra6 Nd2 32. Nxd2 Rxd4 33. Nf3 Re4 34. Rxa5 Bf4 35. Ra7 Bxe5 36. Nxe5 Rxe5 37. b4 Re2 38. a4 Rb2 39. Rb7 Rc8 40. a5 Ra2 41. Ra7 Kg7 42. b5 Rcc2 43. b6 Rcb2 44. b7 e5 45. a6 d4 46. Ra8 f5 47. b8Q Rxb8 48. Rxb8 Rxa6 49. Rb7+ Kf6 50. Rxh7 e4 51. Rd7 d3 52. Re1 Kg5 53. f3 Ra4 54. g3 exf3 55. Rxd3 Kg4 56. Rf1 Kxg3 57. Rfxf3+ Kg4 58. Rg3+ Kf4 59. Rxg6 Ke4 60. Rgd6 Kf4 61. R6d4+ Rxd4 62. Rxd4+ 1-0

[Event "IECC CL4-2001.01"]
[Site "IECC email"]
[Date "2001.01.06"]
[Round "?"]
[White "Fantoni, Franco"]
[Black "McGregor, Mike"]
[Result "1/2-1/2"]
[WhiteElo "1664"]
[BlackElo "1690"]
[PlyCount "77"]
[EventDate "2001.??.??"]
[EventType "tourn (corr)"]
[EventRounds "4"]
[SourceTitle "Corr 2008"]
[Source "ChessBase"]
[SourceDate "2008.06.24"]
[SourceVersion "1"]
[SourceVersionDate "2008.06.24"]
[SourceQuality "1"]

1. e4 e6 2. d4 d5 3. e5 c5 4. Nf3 Nc6 5. Bb5 Bd7 6. Bxc6 Bxc6 7. 0-0 cxd4 8. Nxd4 Ne7 9. Be3 Ng6 10. Nxc6 bxc6 11. f4 c5 12. c4 d4 13. Qa4+ Qd7 14. Qxd7+ Kxd7 15. Bc1 Be7 16. Nd2 Rhc8 17. Ne4 f6 18. exf6 gxf6 19. f5 Ne5 20. b3 a5 21. fxe6+ Kxe6 22. Bf4 a4 23. Rae1 axb3 24. axb3 Rg8 25. Rf2 Ra3 26. Bg3 Rg6 27. Nd2 h5 28. Bf4 Bd6 29. Bg3 Ra2 30. Nf3 Rxf2 31. Kxf2 Rg8 32. b4 cxb4 33. Nxd4+ Kd7 34. Bxe5 Bxe5 35. Nf3 b3 36. Rb1 Rb8 37. Nxe5+ fxe5 38. Ke3 b2 39. Kd3 1/2-1/2

[Event "IECC KO email"]
[Site "IECC email"]
[Date "2000.11.04"]
[Round "?"]
[White "Hoefer, Hans Peter"]
[Black "McGregor, Mike"]
[Result "1/2-1/2"]
[WhiteElo "1965"]
[BlackElo "1678"]
[PlyCount "67"]
[EventDate "2000.??.??"]
[EventType "tourn (corr)"]
[EventRounds "6"]
[SourceTitle "Corr 2008"]
[Source "ChessBase"]
[SourceDate "2008.06.24"]
[SourceVersion "1"]
[SourceVersionDate "2008.06.24"]
[SourceQuality "1"]

1. d4 Nf6 2. Bg5 e6 3. e4 h6 4. Bxf6 Qxf6 5. Nf3 d6 6. Nc3 Nd7 7. Qd2 a6 8. Bd3 c5 9. e5 Qd8 10. Ne4 d5 11. Nxc5 Nxc5 12. dxc5 Bxc5 13. 0-0 0-0 14. c3 Bd7 15. Bc2 f5 16. Nd4 Rc8 17. Rac1 Qb6 18. Nb3 Be7 19. Kh1 Bb5 20. Rfe1 Bg5 21. f4 Bh4 22. g3 Be7 23. Nd4 Bc5 24. a4 Bxd4 25. cxd4 Be8 26. b3 Bh5 27. Rf1 a5 28. Rb1 Rc6 29. Rb2 Rfc8 30. Rf2 Rc3 31. Kg2 Qb4 32. Ra2 b6 33. Rb2 Qa3 34. Bd1 1/2-1/2

[Event "IECC Swiss email"]
[Site "IECC email"]
[Date "2000.04.20"]
[Round "?"]
[White "McGregor, Mike"]
[Black "Endean, Andrew"]
[Result "1/2-1/2"]
[WhiteElo "1643"]
[BlackElo "1935"]
[PlyCount "77"]
[EventDate "2000.??.??"]
[EventType "tourn (corr)"]
[EventRounds "6"]
[SourceTitle "Corr 2008"]
[Source "ChessBase"]
[SourceDate "2008.06.24"]
[SourceVersion "1"]
[SourceVersionDate "2008.06.24"]
[SourceQuality "1"]

1. c4 e5 2. Nc3 Nf6 3. Nf3 Nc6 4. g3 d5 5. cxd5 Nxd5 6. Bg2 Nb6 7. 0-0 Be7 8. d3 0-0 9. Be3 Be6 10. d4 exd4 11. Nxd4 Nxd4 12. Qxd4 c6 13. Rfd1 Nc4 14. Qxd8 Rfxd8 15. Rxd8+ Rxd8 16. Bxa7 Nxb2 17. Rb1 Ba3 18. h4 Rd7 19. Bb8 Bf5 20. Be4 Bxe4 21. Nxe4 Nc4 22. Bf4 b5 23. Nc3 h5 24. Kg2 Ra7 25. Nd1 Bc5 26. Nb2 Rxa2 27. Nxc4 bxc4 28. Rb8+ Kh7 29. Re8 Kg6 30. Re4 Rc2 31. Re5 Bf8 32. Rg5+ Kf6 33. Kf3 g6 34. Ra5 Ke6 35. Ra6 Kd7 36. Ra7+ Ke6 37. Ra6 Kd7 38. Ra7+ Ke6 39. Ra6 1/2-1/2

[Event "IECC CL4-2000.03"]
[Site "IECC email"]
[Date "1999.11.11"]
[Round "?"]
[White "McGregor, Mike"]
[Black "Perez, Maria Jose"]
[Result "1/2-1/2"]
[WhiteElo "1632"]
[BlackElo "1748"]
[PlyCount "56"]
[EventDate "2000.??.??"]
[EventType "tourn (corr)"]
[EventRounds "4"]
[SourceTitle "Corr 2008"]
[Source "ChessBase"]
[SourceDate "2008.06.24"]
[SourceVersion "1"]
[SourceVersionDate "2008.06.24"]
[SourceQuality "1"]

1. d4 Nf6 2. c4 c5 3. d5 b5 4. cxb5 a6 5. e3 axb5 6. Bxb5 Qa5+ 7. Nc3 Bb7 8. Nge2 Bxd5 9. 0-0 Bc6 10. a4 e6 11. Ng3 Bxb5 12. Nxb5 d5 13. Bd2 Qd8 14. Bc3 Be7 15. Qc2 0-0 16. b3 Qb6 17. Rfc1 Nc6 18. Ne2 Ne4 19. Nf4 Nxc3 20. Nxc3 Rfb8 21. Rab1 Nb4 22. Qd2 Bf6 23. Nb5 Bg5 24. Nd3 Nxd3 25. Qxd3 Rd8 26. Rc2 Be7 27. Qe2 Rab8 28. Rd1 Rb7 1/2-1/2

[Event "IECC KO email"]
[Site "IECC email"]
[Date "1999.11.05"]
[Round "?"]
[White "Kazimierski, Tomasz"]
[Black "McGregor, Mike"]
[Result "1-0"]
[WhiteElo "1785"]
[BlackElo "1644"]
[PlyCount "57"]
[EventDate "1999.??.??"]
[EventType "tourn (corr)"]
[EventRounds "6"]
[SourceTitle "Corr 2008"]
[Source "ChessBase"]
[SourceDate "2008.06.24"]
[SourceVersion "1"]
[SourceVersionDate "2008.06.24"]
[SourceQuality "1"]

1. b4 e5 2. Bb2 Bxb4 3. Bxe5 Nf6 4. Nc3 d6 5. Bxf6 gxf6 6. Nd5 Ba5 7. e3 Nc6 8. Qh5 Be6 9. Nf4 Qe7 10. Bb5 Bb6 11. Qf3 0-0 12. Bxc6 bxc6 13. c3 Kh8 14. Qxc6 Bd7 15. Qf3 c6 16. Nh5 f5 17. Ng3 Qe5 18. N1e2 c5 19. 0-0 Rab8 20. d4 cxd4 21. cxd4 Qa5 22. Nf4 Bd8 23. Qh5 Be6 24. Qh6 Rg8 25. Nxe6 fxe6 26. Qxe6 Rg6 27. Qf7 Bf6 28. Rab1 Rbg8 29. Rb7 1-0

[Event "IECC Y2KO email"]
[Site "IECC email"]
[Date "1999.10.14"]
[Round "?"]
[White "McGregor, Mike"]
[Black "Schiller, Wilfried"]
[Result "0-1"]
[WhiteElo "1633"]
[BlackElo "2280"]
[PlyCount "100"]
[EventDate "1999.??.??"]
[EventType "tourn (corr)"]
[EventRounds "2"]
[SourceTitle "Corr 2008"]
[Source "ChessBase"]
[SourceDate "2008.06.24"]
[SourceVersion "1"]
[SourceVersionDate "2008.06.24"]
[SourceQuality "1"]

1. d4 Nf6 2. c4 g6 3. Nc3 d5 4. Nf3 Bg7 5. e3 0-0 6. Be2 e6 7. 0-0 b6 8. cxd5 exd5 9. Re1 Re8 10. a4 c5 11. b3 Bb7 12. Bb2 Nc6 13. Qb1 Ne4 14. Bb5 a6 15. Bxc6 Bxc6 16. Qc2 Ng5 17. Nxg5 Qxg5 18. Ne2 Rac8 19. Qd2 c4 20. b4 Bf8 21. Ng3 Bd7 22. Ra2 Bd6 23. Bc3 Bc7 24. Nf1 h6 25. Kh1 Qh4 26. f3 Bf5 27. g3 Qh3 28. Qf2 Bd3 29. Nd2 f5 30. Kg1 Re6 31. f4 Be4 32. Nxe4 Rxe4 33. Ree2 Bd8 34. Qe1 Bf6 35. Rg2 Qg4 36. Rae2 Bg7 37. Qf2 Qh3 38. Qf3 Rce8 39. Qf2 b5 40. a5 Bf6 41. Kf1 g5 42. Ke1 Kh7 43. Kd2 gxf4 44. gxf4 Rxe3 45. Rxe3 Rxe3 46. Rg3 Rxg3 47. Qxg3 Qf1 48. h3 Be7 49. Kc2 Qe2+ 50. Kc1 Qe4 0-1